Sports Quiz

Random Sports or World Quiz

World Series Home Runs 1980-2011 Quiz Stats

Quiz not verified by Sporcle

Challenge
Share
Tweet
Embed
Score 0/193 Timer 20:00
0 Plays Today
Year(s)/HRs Player % Correct
1980 (1)George Brett
94.9%
2000 (2) 2001 (1)Derek Jeter
94.2%
2002 (4)Barry Bonds
93.6%
1995 (1) 1997 (2) 2004 (1)Manny Ramirez
93.2%
1987 (1)Luis Gonzalez
92.3%
2008 (3) 2009 (1)Ryan Howard
92.3%
1999 (1)Chipper Jones
92.3%
2003 (1)Alex Gonzalez
92%
1996 (2)Andruw Jones
92%
1986 (2) Gary Carter
91.6%
1992 (2) 1993 (2)Joe Carter
91.6%
2004 (1)David Ortiz
91%
1989 (1) 1997 (1) 2001 (1)Matt Williams
90.4%
1988 (1) 1989 (1) 1990 (1)Jose Canseco
90%
1996 (1) 1998 (1) 2000 (1) 2003 (2)Bernie Williams
90%
2009 (1)Alex Rodriguez
90%
2006 (1) 2011 (3)Albert Pujols
89.7%
1991 (2)Kirby Puckett
89.7%
1988 (1)Mark McGwire
89.4%
2008 (2) 2009 (5)Chase Utley
89.1%
2010 (1) 2011 (1)Josh Hamilton
88.4%
1987 (1)Kirk Gibson
88.1%
1989 (1) 1990 (1)Rickey Henderson
87.8%
1986 (2) 1989 (2)Dave Henderson
87.8%
1981 (1)Reggie Jackson
85.9%
1991 (2) 1992 (1) 1995 (1)David Justice
83.3%
1991 (3) 1992 (1)Lonnie Smith
82%
1998 (2) 2000 (1) 2001 (1)Scott Brosius
81%
1982 (1)Robin Yount
80.4%
2002 (1)David Bell
80.1%
1998 (1) 1999 (1) 2001 (1)Tino Martinez
80.1%
1983 (2) 1995 (1)Eddie Murray
79.4%
2000 (2)Mike Piazza
79.4%
1993 (1)Paul Molitor
79.1%
1995 (1) 1997 (2)Jim Thome
78.8%
2003 (1)Miguel Cabrera
78.5%
1997 (1)Charles Johnson
78.1%
1998 (1) 2001 (1)Jorge Posada
78.1%
1987 (1) 1991 (1)Kent Hrbek
77.5%
1997 (1)Gary Sheffield
77.2%
1998 (1)Tony Gwynn
76.8%
2002 (3)Troy Glaus
76.5%
1985 (1)Frank White
75.9%
1993 (1)Devon White
75.9%
2005 (1)Jermaine Dye
75.6%
2005 (1)Paul Konerko
75.6%
1981 (2)Pedro Guerrero
75.2%
2007 (1)Matt Holliday
75.2%
1986 (1)Darryl Strawberry
75.2%
1997 (2)Sandy Alomar Jr.
73.3%
1988 (1)Mike Davis
72.7%
1990 (1)Eric Davis
72.3%
1991 (2)Chili Davis
72%
1980 (2)Mike Schmidt
72%
2008 (1) 2009 (2)Jayson Werth
71.7%
1995 (2)Albert Belle
71.1%
2003 (1) 2009 (3)Hideki Matsui
70.7%
2007 (1)Mike Lowell
69.8%
2010 (2)Edgar Renteria
69.8%
1986 (2) 1993 (4)Lenny Dykstra
69.1%
1982 (1)Keith Hernandez
68.5%
1984 (2)Alan Trammell
68.5%
2002 (3)Jeff Kent
68.2%
2010 (1) 2011 (2)Nelson Cruz
67.8%
2003 (1)Jason Giambi
66.6%
Year(s)/HRs Player % Correct
2004 (1)Johnny Damon
65.9%
2007 (1)Dustin Pedroia
65.3%
1995 (2) 1996 (2)Fred McGriff
65%
1991 (2)Terry Pendleton
64.3%
1986 (1)Ray Knight
64%
1986 (2)Dwight Evans
63.7%
1981 (1)Ron Cey
63.3%
2008 (2)Carl Crawford
62.4%
2010 (1)Buster Posey
62.1%
1993 (1)John Olerud
61.7%
2003 (1)Aaron Boone
60.8%
1987 (1)Gary Gaetti
60.8%
1982 (2) 1985 (1)Willie McGee
59.8%
2009 (1)Raul Ibanez
59.8%
2009 (1)Mark Teixeira
58.5%
1997 (3) Moises Alou
58.2%
2008 (1) 2009 (1)Carlos Ruiz
57.9%
1989 (1)Terry Steinbach
57.9%
2002 (2)Tim Salmon
57.9%
1997 (1)Bobby Bonilla
57.6%
1989 (1)Kevin Mitchell
57.6%
1998 (1) 1999 (1)Chuck Knoblauch
56.6%
2001 (1) 2003 (1)Alfonso Soriano
56.6%
2006 (1)Scott Rolen
55.9%
1998 (2)Greg Vaughn
55.9%
1992 (1)Pat Borders
54.3%
1995 (1)Javy Lopez
54.3%
1989 (1)Carney Lansford
54%
1982 (1)Cecil Cooper
53.7%
1989 (1)Dave Parker
53.4%
1993 (1) 1997 (1)Darren Daulton
53.1%
1987 (1)Dan Gladden
51.1%
1996 (1) 1999 (1)Jim Leyritz
51.1%
2000 (1)Robin Ventura
51.1%
2010 (1)Aubrey Huff
51.1%
2001 (1)Steve Finley
50.8%
1984 (1)Lance Parrish
50.8%
2002 (2)Rich Aurilia
50.5%
1995 (3)Ryan Klesko
50.5%
1989 (1)Walt Weiss
50.5%
2004 (2)Larry Walker
50.2%
1980 (4)Willie Aikens
49.8%
2002 (2)Reggie Sanders
49.8%
2007 (1)Garrett Atkins
49.2%
2001 (1)Mark Grace
48.2%
2005 (1)Scott Podsednik
48.2%
2002 (1)Darin Erstad
47.9%
1992 (1)Kelly Gruber
47.6%
1982 (1)Darrell Porter
47.6%
1988 (2)Mickey Hatcher
47.3%
1980 (3)Amos Otis
46.9%
1983 (1)Rick Dempsey
46.3%
1982 (1)Ben Oglivie
46.3%
1990 (2)Chris Sabo
46.3%
1987 (1) 1991 (1)Greg Gagne
45.7%
1981 (2)Steve Yeager
45.3%
2001 (1)Craig Counsell
43.7%
1999 (2)Chad Curtis
43.7%
1987 (1)Tom Herr
43.7%
2011 (1)Michael Young
43.7%
1981 (2)Willie Randolph
43.4%
2002 (1)J.T. Snow
43.4%
2010 (1)Cody Ross
43.4%
2011 (1)Adrian Beltre
43.1%
1987 (1)Don Baylor
42.8%
Year(s)/HRs Player % Correct
2004 (1)Mark Bellhorn
42.4%
2007 (1)Brad Hawpe
42.1%
2009 (1)Pedro Feliz
42.1%
2011 (1)Lance Berkman
42.1%
2011 (1)David Freese
41.5%
1983 (2)Joe Morgan
40.8%
1992 (1)Ed Sprague
40.5%
1984 (1)Terry Kennedy
39.9%
1993 (1)Milt Thompson
39.5%
2005 (2)Joe Crede
39.2%
2002 (1)Scott Spiezio
38.6%
2001 (1)Shane Spencer
38.3%
1989 (1)Tony Phillips
37.3%
2010 (1) 2011 (1)Mitch Moreland
37%
2005 (1)Morgan Ensberg
36.3%
1984 (1)Larry Herndon
36.3%
2010 (1)Juan Uribe
36.3%
1982 (2)Ted Simmons
36%
1986 (1)Rich Gedman
35.4%
1983 (1)Gary Matthews
35.4%
2011 (2)Mike Napoli
35.4%
1993 (1) 1997 (1)Jim Eisenreich
35%
1983 (1)Garry Maddox
35%
2008 (1)Joe Blanton
34.4%
2006 (2)Sean Casey
34.1%
1991 (1)Brian Hunter
33.8%
1984 (2)Kurt Bevacqua
32.2%
1984 (1)Marty Castillo
30.2%
2000 (1)Jay Payton
30.2%
2005 (1)Geoff Blum
29.6%
2008 (1)Rocco Baldelli
28.6%
1990 (1)Harold Baines
28.3%
1992 (1)Damon Berryhill
27%
1988 (1)MIke Marshall
27%
1981 (2)Bob Watson
26.4%
2001 (1)Rod Barajas
26%
1981 (1)Rick Cerone
26%
2008 (1)Eric Hinske
26%
1985 (1)Darryl Motley
26%
1991 (1)Mike Pagliarulo
26%
1992 (1)Candy Maldonado
25.4%
2011 (3)Allen Craig
25.4%
1980 (1)Bake McBride
25.1%
1986 (1)Tim Teufel
24.8%
1983 (1)John Lowenstein
23.5%
2006 (2)Craig Monroe
23.5%
1987 (1)Steve Lombardozzi
22.8%
2008 (1)Eric Bruntlett
22.5%
1987 (1)Tom Lawless
22.5%
1987 (1)Tim Laudner
22.2%
2010 (1)Andres Torres
21.2%
1995 (1)Luis Polonia
20.3%
1983 (1)Dan Ford
19.9%
2005 (1)Mike Lamb
19.9%
2005 (1)Jason Lane
19.9%
1991 (1)Scott Leius
19.9%
1983 (1)Jim Dwyer
19.6%
2002 (1) Shawon Dunston
19.6%
1981 (1)Jay Johnstone
18.3%
2007 (1)Bobby Kielty
18.3%
1989 (1)Bill Bathe
17.4%
1985 (1)Tito Landrum
16.7%
1989 (1)Greg Litton
11.9%

You're not logged in!

Compare scores with friends on all Sporcle quizzes.
Sign Up with Email
OR
Log In

You Might Also Like...

Show Comments

Extras

Top Quizzes Today


Score Distribution

Your Account Isn't Verified!

In order to create a playlist on Sporcle, you need to verify the email address you used during registration. Go to your Sporcle Settings to finish the process.